| 000 | 01557nam0a2200325 4500 | ||
|---|---|---|---|
| 001 | RU\NLR\bibl\1689452 | ||
| 005 | 20260406010522.0 | ||
| 010 |
_a978-5-7883-0770-1 _9100 |
||
| 021 |
_aRU _b2010-72632 _94811 |
||
| 035 | _a(nilc)RSL-KNO-004735858 | ||
| 035 | _a(NLR Aleph) 001680593 | ||
| 090 |
_a1098767 _c1098767 |
||
| 100 | _a20100928d2010 |||y0rusy50 ca | ||
| 101 | 0 | _arus | |
| 102 | _aRU | ||
| 105 | _ay ||||||||| | ||
| 200 | 1 |
_aМоделирование социальных систем _eучебное пособие _fК.Б. Герасимов _gФедер. агентство по образованию, Гос. образоват. учреждение высш. проф. образования "Самар. гос. аэрокосм. ун-т им. акад. С.П. Королева (Нац. исслед. ун-т)" |
|
| 210 |
_aСамара _cИзд-во СГАУ _d2010 |
||
| 215 |
_a87 с. _cил. _d20 |
||
| 320 | _aБиблиогр.: с. 84-87 (89 назв.) | ||
| 606 | 1 |
_aСоциальные системы _jУчебные издания для высших учебных заведений _xМоделирование _91663191 _3RU\NLR\auth\66737065 |
|
| 686 |
_aС555.7я73-1 _2rubbk |
||
| 686 | _aС508.0в605я73 | ||
| 700 | 1 |
_4070 _7ca _8rus _aГерасимов _bК. Б. _cд-р. экон. наук _gКирилл Борисович _998906 _3RU\NLR\AUTH\77115981 |
|
| 801 | 0 |
_aRU _bРГБ _c20100928 _grcr |
|
| 801 | 1 |
_aRU _bРГБ _c20100928 |
|
| 801 | 2 |
_aRU _bNLR _c20101021 _grcr |
|
| 942 | _cBOOK | ||
| 980 | _aNB | ||